000 01040cad a22002055a 4500
001 E150222
008 100615e20100513xxk 000 0 eng d
035 _a(Sirsi) u150222
041 0 _aeng
110 2 _aGreat Britain
_bHealth and Safety Executive
245 0 0 _aQuick reference factsheet to guide retailers on asbestos
_h[electronic resource]
260 _c2010
490 _aHSE News Release
_v13 May 2010
520 _aIn conjunction with a retail trade body, the BHF-BSSA Group, the HSE has issued a factsheet informing retailers of their legal responsibilities to workers, contractors and customers on asbestos. The BHF-BSSA Group represents over 7 500 small retailers, a sector where compliance with "duty to manage" regulations has been particularly low.
590 _aKA
651 4 _aGreat Britain
_y1707-
690 _aMANAGEMENT-HEALTH AND SAFETY-HAZARDOUS SUBSTANCES-ASBESTOS
856 4 0 _uhttps://www.hse.gov.uk/press/2010/hse-asbestos-factsheet.htm
_zView the news release free of charge at www.hse.gov.uk
942 _n0
999 _c82426
_d82426